[Event "FRA-ch op-C"]
[Site "Val d'Isere"]
[Date "2002.??.??"]
[Round "7.5"]
[White "Lekal, El Houori"]
[Black "Caron, Sebastien"]
[Result "1-0"]
[WhiteElo "1360"]
[BlackElo "1670"]
[PlyCount "107"]
[EventDate "2002.08.20"]
[EventType "swiss"]
[EventRounds "11"]
[EventCountry "FRA"]
[SourceTitle "EXT 2003"]
[Source "ChessBase"]
[SourceDate "2002.11.25"]
[SourceVersion "1"]
[SourceVersionDate "2002.11.25"]
[SourceQuality "1"]

1. e4 c5 2. Nf3 d6 3. d4 cxd4 4. Nxd4 Nf6 5. Nc3 g6 6. Be3 Bg7 7. f3 0-0 8. Qd2 Nc6 9. Bc4 Bd7 10. Bb3 Rc8 11. 0-0-0 Ne5 12. h4 h5 13. Kb1 a5 14. a3 Nc4 15. Bxc4 Rxc4 16. Nde2 Qc7 17. Bg5 Be6 18. Nf4 Qb6 19. Nfe2 Rfc8 20. Be3 Qd8 21. Bd4 Qe8 22. e5 dxe5 23. Bxe5 Ne4 24. fxe4 Bxe5 25. Rhf1 Qc6 26. Rf3 Bg4 27. Nd5 Bd6 28. Rc3 Rxc3 29. Ndxc3 Bxe2 30. Qxe2 Bxa3 31. Qb5 Bb4 32. Qxc6 Rxc6 33. Nd5 Bc5 34. c3 Re6 35. b4 axb4 36. cxb4 Bf2 37. Nc3 Bxh4 38. Rd8+ Kg7 39. Rd7 Rb6 40. Nd5 Rb5 41. Kc2 e6 42. Nf4 Rxb4 43. Nxe6+ Kf6 44. Nd4 Bf2 45. Nf3 b6 46. e5+ Ke6 47. Rd6+ Ke7 48. Rc6 Rg4 49. Rc7+ Kf8 50. Kd3 Bc5 51. Rc8+ Ke7 52. Rc7+ Ke6 53. Rc6+ Kf5 54. Rf6# 1-0